000 00761nas a2200253 4500
001 BR0702550
003 BR-BrBNA
005 20231205110800.0
007 ta
008 230509b bl.|||p| |||| 00| 00por d
040 _aBR-BrBNA
_bpor
_cBiblioteca Nacional de Agricultura
041 _a(Pt)
072 _aL74; L70
100 1 _aSchmidt, D.P.
100 1 _aSchoenau, L.S.F.
245 1 _aOrigem das artérias celíaca e mesentérica cranial por tronco comum em cão
650 _aCÃO
650 _aARTÉRIA
650 _aARTÉRIA MESENTÉRICA
650 _aDISTÚRBIO ANIMAL
773 0 _tCiência Rural (Brazil)
_xISSN 0103-8478
_g(Mar-Apr 2007), v. 37(2) p. 408-411
_wBR0702550
909 _a202311
_bLúcia
_c55
_dLúcia Elande
942 _2AGRIS
_n0
_cANA
999 _c189042
_d189042